000 01134nam a2200289 i 4500
001 127113
003 ES-MaACL
005 20250806062541.0
007 t|
008 161130s2012 sp |||| | spa d
080 _a352(460.27 M.)"12"
080 _a94(460.27 M.)"11/12"
100 1 _aHuertas Vázquez, Eduardo
_964577
245 1 3 _aEl orden jurídico medieval y el derecho local del Madrid de San Isidro /
_cpor Eduardo L. Huertas Vázquez.
260 _aMadrid :
_bInstituto de Estudios Madrileños,
_c2012.
300 _aP. 263-288 ;
_c24 cm.
490 1 _aCiclo de conferencias: San Isidro y Madrid ;
_v14
504 _aReferencias bibliográficas.
594 _aEn p. 263: "Conferencia pronunciada el día 6 de junio de 2006, en el Museo de los Orígenes (antes Museo de San Isidro)"
594 _aDatos tomados de cub.
650 0 4 _aFueros-
_zMadrid.
_912992
651 4 _aMadrid-
_xHistoria-
_yS.V-XV.
_98967
710 2 _aInstituto de Estudios Madrileños
_94916
830 0 _aCiclo de conferencias: San Isidro y Madrid ;
_v14
_9219172
852 _aES-MaACL
_j2333-F-8
999 _c127113
_d127113